[Event "FIDE World Cup 2017"]
[Site "Tbilisi"]
[Date "2017.09.03"]
[Round "1.1"]
[White "Grachev, Boris"]
[Black "Melkumyan, Hrant"]
[Result "1/2-1/2"]
[WhiteElo "2654"]
[BlackElo "2642"]
[Annotator "TA"]
[PlyCount "94"]
[EventDate "2017.??.??"]
[EventType "k.o."]
[EventCountry "GEO"]
[SourceTitle "playchess.com"]
[Source "ChessBase"]
[SourceQuality "1"]

{[%evp 20,94,7,14,32,28,27,21,30,2,3,8,14,0,2,0,7,0,0,0,6,6,6,6,6,6,0,0,0,-19,-12,-26,-27,-27,-25,-21,-17,-35,-37,-26,-8,-8,-7,-12,-8,-8,-8,-8,0,0,0,-29,0,-68,0,0,0,-39,-39,-39,-6,-39,0,0,0,0,0,0,0,0,0,0,0,0,0,0,0]} 1. d4 d5 2. c4 e6 3. Nc3 Nf6 4. Bg5 Be7 5. e3 O-O 6. Nf3 Nbd7 7. Rc1 h6 8. Bh4 c5 {D63: Queen's Gambit Declined: Classical: 7 Rc1} 9. dxc5 dxc4 10. Bxc4 Nxc5 11. O-O {LiveBook: 10 Games} Nfe4 12. Qxd8 $146 ({Predecessor:} 12. Nxe4 Nxe4 13. Bxe7 Qxe7 14. Qd4 Nf6 15. Bb3 b6 16. Qf4 {½-½ (70) Le,Q (2723)-Adams,M (2738) Baku 2016}) 12... Bxd8 13. Nxe4 Nxe4 14. Bxd8 Rxd8 15. Rfd1 Bd7 16. Bb3 Be8 17. Nd4 b6 18. Bc2 Nd6 19. Bd3 e5 20. Nc6 Bxc6 $1 21. Rxc6 Rac8 22. Rxc8 Rxc8 $11 {[%mdl 4096] Endgame KRB-KRN} 23. f4 e4 24. Ba6 Rc6 {[#] And now ...b5 would win.} 25. a4 Kf8 26. Rd2 Ke7 27. Kf2 Rc1 28. Be2 Ra1 29. b3 Rc1 30. Bd1 Rc3 31. Rc2 Rxc2+ 32. Bxc2 {KB-KN} a5 33. Ke2 Ke6 34. Kd2 Kd5 35. g4 g5 36. f5 (36. fxg5 $11 hxg5 37. Bd1) 36... f6 (36... Ke5 $15) 37. Kc3 {[#]} h5 $1 {[%mdl 512]} 38. h3 (38. gxh5 $5 {[%cal Rh5h6]} Nxf5 39. b4 $15) 38... hxg4 39. hxg4 Kc5 40. Bd1 Nf7 41. Be2 {The position is equal.} Ne5 42. Bd1 Nf3 43. Bxf3 exf3 44. Kd2 $1 Kd5 {( -> ...Ke4)} 45. Ke1 Ke5 $1 46. Kf1 $1 Kd5 $1 47. Ke1 Ke5 $1 {Precision: White = 63%, Black = 65%.} 1/2-1/2

[Event "FIDE World Cup 2017"]
[Site "Tbilisi"]
[Date "2017.09.03"]
[Round "1.1"]
[White "Bruzon Batista, Lazaro"]
[Black "Anton Guijarro, David"]
[Result "1-0"]
[WhiteElo "2651"]
[BlackElo "2656"]
[Annotator "TA"]
[PlyCount "89"]
[EventDate "2017.??.??"]
[EventType "k.o."]
[EventCountry "GEO"]
[SourceTitle "playchess.com"]
[Source "ChessBase"]
[SourceQuality "1"]

{[%evp 21,89,0,10,-16,0,0,16,11,24,11,45,38,52,52,43,28,29,27,31,37,59,57,52,65,83,81,99,91,126,116,118,105,204,123,149,151,188,187,235,173,269,169,189,183,346,352,319,327,405,360,595,587,528,410,377,376,476,465,465,456,537,550,536,399,541,551,603,621,657,650]} 1. e4 e5 2. Nf3 Nc6 3. Bb5 Nf6 4. O-O Nxe4 5. d4 Nd6 6. Bxc6 dxc6 7. dxe5 Nf5 8. Qxd8+ Kxd8 9. Rd1+ Ke8 10. Nc3 {[%cal Bb1c3,Bc3e2,Be2f4,Bf4h5,Bh5f6][%mdl 32]} Be7 11. Ne2 {C67: Ruy Lopez: Berlin Defence: 4 0-0 Nxe4} b6 {LiveBook: 3 Games} (11... Nh4 12. Nxh4 Bxh4 13. Be3 Be7 14. a4 h5 15. a5 h4 16. Nd4 Rh5 17. a6 Rxe5 18. Bf4 Rd5 {½-½ (59) Vachier Lagrave,M (2796)-So,W (2812) Paris 2017}) 12. Nf4 $146 ({Predecessor:} 12. b3 a5 13. a4 Bb7 14. Ned4 Nxd4 15. Nxd4 Rd8 16. Bf4 Rg8 17. Nf5 Rxd1+ 18. Rxd1 Bd8 {½-½ (28) Efimenko,Z (2647)-Parligras,M (2586) Al Ain 2015}) 12... Rg8 13. a4 {[%cal Ba2a4,Ba4a5][%mdl 32] The position is equal.} g5 14. Nh5 $1 h6 15. b3 Rg6 16. Bb2 c5 17. Nf6+ Kf8 18. a5 b5 19. Nd5 $36 {[%mdl 2048] White is more active.} Rc6 20. e6 Bxe6 21. Ne5 Bxd5 22. Rxd5 Rd6 23. Rxc5 Rad8 {( -> ...Rd1+)} 24. Rf1 Nd4 {[#]} 25. Bxd4 $1 ({Wrong is} 25. Rxc7 $2 Ne2+ 26. Kh1 Rd1 $19) 25... Rxd4 26. Rxc7 Rd2 (26... a6 $16 {was called for.}) 27. g3 a6 28. Re1 Rd1 29. Rxd1 Rxd1+ $18 {[%mdl 4096] Endgame KRB-KRN} 30. Kg2 Re1 (30... Rd6 {might work better.} 31. Ra7 Re6) 31. Nf3 Re4 32. Rc6 g4 $2 {[#]} (32... Re6 {was worth a try.} 33. Rc8+ Kg7) 33. Nh4 $1 ({Not} 33. Rxa6 gxf3+ 34. Kxf3 Re6 $16) 33... Re5 34. Rxa6 Kg7 35. Ra7 {Rxe7! is the strong threat.} Bb4 $2 (35... Kf6 {was necessary.} 36. Rb7 b4) 36. a6 Rc5 37. Rb7 {aiming for a7.} Rxc2 {Now ...Bc5 and Black clings on.} 38. Nf5+ Kg6 {If Black can now play ...Bc5 this consolidates a bit.} 39. Ne3 Ra2 40. Rb6+ Kg7 41. Nf5+ Kh7 {intending ...Bc5.} 42. Rxh6+ Kg8 43. Rc6 {White is clearly winning.} Kh7 44. Ne3 f5 45. Kf1 {Precision: White = 79%, Black = 32%.} 1-0

[Event "FIDE World Cup 2017"]
[Site "Tbilisi"]
[Date "2017.09.03"]
[Round "1.1"]
[White "Mareco, Sandro"]
[Black "Bluebaum, Matthias"]
[Result "1/2-1/2"]
[WhiteElo "2649"]
[BlackElo "2633"]
[Annotator "TA"]
[PlyCount "43"]
[EventDate "2017.??.??"]
[EventType "k.o."]
[EventCountry "GEO"]
[SourceTitle "playchess.com"]
[Source "ChessBase"]
[SourceQuality "1"]

{[%evp 25,43,8,8,8,8,0,11,0,0,0,0,0,10,0,0,-32,-18,-19,-6,-43]} 1. e4 e6 2. d4 d5 3. Nc3 Nf6 4. e5 Nfd7 5. f4 c5 6. Nf3 Nc6 7. Be3 a6 8. Qd2 b5 9. dxc5 Bxc5 10. Bd3 {C11: French: Classical System: 4 e5 and 4 Bg5 dxe4} Qb6 11. Bf2 h6 12. O-O Bb7 (12... O-O 13. Rae1 Ra7 14. f5 Bxf2+ 15. Rxf2 d4 16. Ne4 exf5 17. Ng3 f6 {½-½ (56) Yu,Y (2749)-Vitiugov,N (2720) Khanty-Mansiysk 2017}) 13. Rae1 Bxf2+ {LiveBook: 3 Games} 14. Qxf2 Qxf2+ 15. Rxf2 Nc5 (15... b4 $5 {[%cal Rb4c3]} 16. Ne2 O-O $11) 16. a3 $146 ({Predecessor:} 16. Rd2 b4 17. Ne2 g5 18. fxg5 hxg5 19. Nxg5 {0-1 (49) Vuilleumier,A (2362)-Studer,N (2462) Flims 2016}) 16... b4 17. axb4 Nxb4 18. Bf1 Ke7 19. Nd4 Nc6 20. Rd2 Nxd4 21. Rxd4 a5 22. Bb5 1/2-1/2

[Event "FIDE World Cup 2017"]
[Site "Tbilisi"]
[Date "2017.09.03"]
[Round "1.1"]
[White "Cori, Jorge"]
[Black "Jones, Gawain C B"]
[Result "1-0"]
[WhiteElo "2648"]
[BlackElo "2668"]
[Annotator "TA"]
[PlyCount "193"]
[EventDate "2017.??.??"]
[EventType "k.o."]
[EventCountry "GEO"]
[SourceTitle "playchess.com"]
[Source "ChessBase"]
[SourceQuality "1"]

{[%evp 21,193,6,0,0,0,0,5,1,4,4,46,43,43,16,9,14,13,15,60,66,97,97,95,98,96,95,98,96,97,83,90,68,74,78,93,92,89,88,123,114,106,71,71,71,71,72,85,61,94,85,88,77,89,91,93,89,92,64,72,69,78,73,62,42,94,85,117,113,113,100,103,93,106,117,130,93,121,122,130,126,168,148,177,167,176,166,156,87,165,165,152,87,233,233,233,233,233,233,233,233,233,227,213,213,213,213,233,233,233,239,250,239,234,248,247,219,233,228,222,0,230,228,228,214,230,224,253,253,253,252,252,247,213,177,320,304,506,496,556,556,556,556,556,556,548,548,536,531,548,538,1804,1775,1743,1700,1766,1051,1766,1754,1729,1754,1591,1510,1270,970,29967,29968,29970,10469,29983,29984,29984,29984,29983,29982]} 1. d4 Nf6 2. Nf3 g6 3. c4 Bg7 4. g3 O-O 5. Bg2 c5 6. Nc3 cxd4 7. Nxd4 {[%cal Bf3d4,Bd4b3,Bb3d2,Bd2c4][%mdl 32]} Qc7 {E60: King's Indian: Unusual lines and Fianchetto Variation without Nc3} (7... Nc6 8. O-O Qa5 9. e3 d6 10. h3 Bd7 11. Qe2 Rfc8 12. Rd1 Rab8 13. Bd2 Qe5 14. Nc2 a6 15. Nd5 Nxd5 16. cxd5 Na7 17. Bc3 Qg5 18. Bxg7 Kxg7 {0-1 (44) Ding,L (2764)-Svidler,P (2742) Novi Sad 2016}) 8. Nd5 Nxd5 9. cxd5 Qb6 10. Nb3 d6 11. O-O Qa6 {LiveBook: 3 Games} 12. a4 $146 ({Find the theoretical novelty and annotate with similar games:} 12. Be3 Bxb2 13. Rb1 Bg7 14. Qd2 Nd7 15. Bd4 {0-1 (68) Kashlinskaya,A (2429)-Muzychuk,A (2558) Doha 2016}) 12... Qc4 13. Nd2 Qb4 14. Ra2 Na6 15. b3 Bf5 16. Ba3 Qd4 17. e4 Bd7 18. Nc4 $36 {[%mdl 2048] Rd2 is the strong threat. White has some pressure.} Qxd1 19. Rxd1 Rfc8 20. e5 $1 Rxc4 21. bxc4 Bxe5 22. Rb1 Rb8 23. Re2 Bf6 24. a5 Kf8 25. Bc1 Nc5 26. Bh6+ Ke8 27. Be3 Bg4 28. Ra2 Bf5 29. Rb4 Kd7 30. h3 h5 31. Bf1 (31. Ra3 {is interesting.} Kd8 32. h4 Kc7 33. Rb5 Bd7 34. Rb1) 31... Bc3 32. Bxc5 dxc5 33. Rb3 Be5 34. Kg2 Kc7 35. Bd3 Bd7 36. Be4 Bd6 37. Rb1 h4 38. g4 f5 39. gxf5 gxf5 40. Bf3 Be5 41. Ra3 Bd4 42. Rab3 b6 (42... Rg8+ $14 43. Kf1 Bc8) 43. axb6+ Rxb6 44. Rxb6 axb6 $16 {[%mdl 4096] Endgame KRB-KB} 45. Rb3 Bf6 46. Be2 Bd4 47. Ra3 Bc8 48. Bf3 Be5 49. Ra7+ Kd8 50. Bh5 Bb8 51. Ra2 Bb7 52. Bf7 Bd6 53. f3 Kc7 54. Be8 (54. Kf2 $142) 54... f4 (54... Bc8 $16 {was necessary.}) 55. Bb5 $18 Bc8 {[#]} 56. Kh2 (56. Re2 $142 $1) 56... Kb8 (56... Be5 $16) 57. Rg2 Be5 {[#]} 58. Rg6 $1 Kc7 59. Rc6+ Kd8 60. Rxb6 Bd6 61. Ba4 Kc7 62. Rb2 Be5 63. Rg2 Bf6 64. Bb5 Bf5 65. Rg8 Bc8 66. Kg2 Be5 67. Rf8 Bb7 68. Rf5 Kd6 69. Rg5 Bc8 70. Rg8 Kc7 $1 71. Re8 Bf6 72. Kh2 Bb7 73. Ba4 Ba6 74. Bb3 Bc8 75. Bc2 Ba6 76. Bd3 Bb7 77. Kg2 Ba6 (77... Bc8 $142 78. Rf8 Bd7) 78. Ra8 Bb7 $2 (78... Bc8 79. Bg6 Kb7) 79. Ra5 Bd4 80. Bf5 Kb6 81. Ra4 Ba6 82. Kf1 Bb7 83. Ke2 Bc3 84. Kd3 Bf6 85. Ke4 e5 86. Be6 Bg7 87. Kf5 Kc7 88. Ra5 Bf8 89. Kxe5 Bd6+ 90. Kf5 Kb6 91. Ra4 Ba6 92. Kg4 Be5 93. Kxh4 Bc3 94. Kg4 (94. Kg5 $142 Bb7 95. h4 Kc7 96. h5 Be5 97. h6 Bc3 98. h7 Bg7 99. Kxf4) 94... Bb4 95. d6 {[%cal Bd5d6,Bd6d7][%mdl 32] White mates.} Bc3 96. d7 Bf6 97. Bd5 {Precision: White = 77%, Black = 48%.} 1-0

[Event "FIDE World Cup 2017"]
[Site "Tbilisi"]
[Date "2017.09.03"]
[Round "1.1"]
[White "Lenic, Luka"]
[Black "Fressinet, Laurent"]
[Result "1/2-1/2"]
[WhiteElo "2646"]
[BlackElo "2657"]
[Annotator "TA"]
[PlyCount "88"]
[EventDate "2017.??.??"]
[EventType "k.o."]
[EventCountry "GEO"]
[SourceTitle "playchess.com"]
[Source "ChessBase"]
[SourceQuality "1"]

{[%evp 13,88,28,30,8,8,10,17,0,26,41,37,23,23,20,29,23,39,38,36,40,39,23,35,14,14,14,14,14,63,14,12,14,14,20,15,18,79,86,65,54,106,0,0,0,5,0,0,0,0,-43,-9,-10,-8,-7,-8,-18,0,-106,0,-48,0,0,0,0,0,0,0,0,0,0,0,0,0,0,0,0,0]} 1. d4 d5 2. c4 e6 3. Nf3 Nf6 4. Nc3 c6 5. Bg5 Nbd7 6. e3 Qa5 7. Nd2 Bb4 8. Rc1 {D52: Queen's Gambit Declined: Cambridge Springs Variation} (8. Qc2 O-O 9. Be2 c5 10. Bxf6 Nxf6 11. Nb3 Bxc3+ 12. bxc3 Qa4 13. Rc1 cxd4 14. cxd4 Qb4+ 15. Qd2 Qxd2+ 16. Nxd2 dxc4 17. Nxc4 Bd7 {1-0 (71) Radjabov,T (2710)-Dreev,A (2652) Doha 2016}) 8... Ne4 9. Ncxe4 dxe4 10. c5 b6 $146 ({Predecessor:} 10... Qxa2 11. Bc4 Qa5 12. Ke2 h6 13. Ra1 Qc7 14. Bf4 e5 15. Bg3 Nxc5 16. dxc5 {1-0 (58) Vega Gutierrez,S (2375)-Goryachkina,A (2485) Mamaia 2016}) 11. a3 Bxd2+ $1 12. Qxd2 Qxd2+ 13. Kxd2 {cxb6 is the strong threat.} bxc5 14. b4 f6 15. Bf4 e5 16. dxe5 fxe5 17. Bg3 h5 {aiming for ...h4.} 18. h4 Ke7 19. Be2 Rd8 20. Rhd1 cxb4 21. axb4 {Threatening Ke1.} Nf6+ 22. Ke1 Rxd1+ 23. Rxd1 a5 24. Bxe5 a4 {[#]} (24... Ba6 $11 {keeps the balance.}) 25. Rc1 $1 $16 Bb7 26. Ra1 (26. b5 $5 {[%cal Rb5c6]}) 26... Nd5 {[#]} (26... a3 $14) 27. Bxg7 (27. Bd4 $1 $16) 27... Nxb4 $11 28. Kd2 c5 29. Bxh5 Rg8 30. Bc3 Bc6 31. Rg1 a3 {White must now prevent ...Rd8+.} 32. Ra1 $1 Rxg2 33. Rxa3 Rxf2+ 34. Kc1 Kd6 35. Bd1 (35. Bg6 $11) 35... Rh2 ({Black should play} 35... Na2+ $17 36. Kb1 Nxc3+ 37. Rxc3 Rf1) 36. h5 (36. Bxb4 $5 cxb4 37. Ra6 $15) 36... Bb5 (36... Nd3+ {is more complex.} 37. Kb1 Rh1 38. Kc2 Be8 39. Ra6+ Kd5) 37. Bxb4 {The position is equal.} cxb4 {[%mdl 4096] Endgame KRB-KRB} 38. Ra7 Bc4 39. Rb7 Kc5 (39... b3 $5) 40. Rc7+ Kb5 41. Rb7+ $1 Ka5 42. Ra7+ Kb6 43. Ra8 Rh1 {Strongly threatening ...Be2.} 44. Kd2 Rh2+ {Precision: White = 64%, Black = 57%.} 1/2-1/2

[Event "FIDE World Cup 2017"]
[Site "Tbilisi"]
[Date "2017.09.03"]
[Round "1.1"]
[White "Areshchenko, Alexander"]
[Black "Demchenko, Anton"]
[Result "1-0"]
[WhiteElo "2645"]
[BlackElo "2650"]
[Annotator "TA"]
[PlyCount "151"]
[EventDate "2017.??.??"]
[EventType "k.o."]
[EventCountry "GEO"]
[SourceTitle "playchess.com"]
[Source "ChessBase"]
[SourceQuality "1"]

{[%evp 27,151,42,44,45,39,37,41,41,47,36,48,43,50,41,42,32,43,3,18,22,25,20,118,123,117,18,66,0,0,0,38,0,0,0,0,-20,80,74,82,74,66,68,34,5,0,-545,-549,-1574,-177,-186,-183,-177,-179,-159,-129,-128,-131,-133,-126,-125,-116,-126,-132,-124,-126,-165,-143,-177,-177,-255,-231,-237,-208,-215,-184,-216,-143,-151,-148,-173,-171,-242,-198,-193,-168,-190,-8,-8,-8,-13,0,0,0,-13,-15,-63,-13,-75,-44,-93,-8,-27,-38,-169,-132,-164,0,0,0,0,0,-8,0,0,8,8,5117,5117,5116,5116,5116,5116,5116,5116,5116,5088]} 1. e4 c5 2. Nf3 d6 3. Bb5+ Nd7 4. O-O Ngf6 5. Re1 a6 6. Bf1 b6 7. c4 Bb7 8. Nc3 e6 9. d4 cxd4 10. Nxd4 Be7 {B51: Sicilian: Moscow Variation (3 Bb5+) without 3...Bd7} 11. f3 O-O 12. Be3 Qc7 13. Rc1 Rac8 14. Qd2 Qb8 {LiveBook: 23 Games} 15. b3 (15. b4 Bd8 16. Kh1 Bc7 17. Na4 {0-1 (30) Kovalev,V (2641)-Adhiban,B (2670) Khanty-Mansiysk 2017}) 15... Rfe8 16. Kh1 Bd8 17. Bg1 $146 ({Predecessor:} 17. Red1) 17... Bc7 18. Nc2 Ne5 19. Rcd1 Red8 20. Qe3 Ng6 21. Qf2 h5 22. Na4 b5 23. Nb6 Bxb6 $1 24. Qxb6 d5 (24... h4 $1 $11 {keeps the balance.}) 25. exd5 $16 exd5 26. Nb4 ({White should try} 26. cxb5 $16 Rxc2 27. bxa6) 26... dxc4 27. Rxd8+ (27. Nxa6 $14 Bxa6 28. Qxa6) 27... Rxd8 $11 28. bxc4 bxc4 29. Nxa6 Bxa6 30. Qxa6 c3 31. Qa3 c2 (31... Qc7 $11) 32. Bd3 $16 Nf4 {[%cal Bg6f4,Bf4g2,Bg2h4][%mdl 32]} 33. Bxc2 Nxg2 34. Rb1 ({Much weaker is} 34. Kxg2 Rd2+ 35. Kh1 Rxc2 $17) 34... Qc8 35. Rc1 Qh3 $36 {[%mdl 2048] ( -> ...Nh4). Black has some pressure.} 36. Rd1 $2 {[%mdl 8192]} (36. Qa5 $1 $11 Re8 37. Qf5 Qxf5 38. Bxf5) 36... Re8 $19 37. Rd2 Nh4 $2 (37... Nf4 {And now ...h4 would win.} 38. Qb3 h4) 38. Qd3 Nxf3 39. Re2 Rxe2 40. Qxe2 Nxg1 41. Kxg1 g6 42. Bb3 Qf5 43. Qf2 {White wants to play Qxf5.} Qe5 44. Qg3 Qa1+ 45. Kg2 {Black should prevent Qxg6+.} Ng4 46. Qf4 Qb2+ 47. Kf1 Ne5 48. Qf2 (48. h4 {was called for.}) 48... Qb1+ 49. Qe1 Qd3+ 50. Qe2 {intending Qxd3.} Qc3 51. Qc2 Qa5 52. Qe4 Kg7 53. Qd4 f6 54. h4 (54. h3 {is a better defense.}) 54... Qb5+ 55. Kf2 Ng4+ $1 56. Ke1 Qb8 $2 (56... Qc6 $19 57. Ke2 Qg2+ 58. Kd1 Qh1+ 59. Kc2 Qxh4) 57. Qd7+ $1 $11 Kh6 58. Qd2+ Kg7 {White must now prevent ...Qe5+.} 59. Qd7+ Kh6 60. Qd2+ g5 61. hxg5+ $1 fxg5 {Threatens to win with ...Qg3+.} 62. Qd4 (62. Qc3 $11) 62... Ne5 {aiming for ...Nf3+.} 63. Qd5 Qb4+ (63... g4 $17 {Strongly threatening ...Qb4+.} 64. Qd2+ Kg7 65. Qg5+ Ng6) 64. Ke2 Qg4+ 65. Ke3 {[#]} (65. Ke1 $1 $15 Qg3+ 66. Ke2) 65... Qf4+ $1 $19 66. Ke2 Ng4 $2 (66... h4 $19 67. a4 Kh5) 67. Qe6+ $11 Nf6 {...h4 is the strong threat.} 68. a4 $1 {[%cal Ba2a4,Ba4a5,Ba5a6,Ba6a7][%mdl 32]} g4 69. Qe3 Kg5 70. a5 g3 {Hoping for ...Qxe3+.} 71. a6 Ne4 $2 {[%mdl 8192]} (71... Ne8 $11) 72. Qxf4+ $18 {White is clearly winning.} Kxf4 {[#]} 73. Kf1 $1 Nd2+ 74. Kg2 h4 75. a7 h3+ 76. Kxh3 {Precision: White = 48%, Black = 43%.} 1-0

[Event "FIDE World Cup 2017"]
[Site "Tbilisi"]
[Date "2017.09.03"]
[Round "1.1"]
[White "Piorun, Kacper"]
[Black "Hou, Yifan"]
[Result "1/2-1/2"]
[WhiteElo "2644"]
[BlackElo "2670"]
[Annotator "TA"]
[PlyCount "79"]
[EventDate "2017.??.??"]
[EventType "k.o."]
[EventCountry "GEO"]
[SourceTitle "playchess.com"]
[Source "ChessBase"]
[SourceQuality "1"]

{[%evp 19,79,14,14,13,3,9,18,18,8,15,18,14,12,8,18,10,11,8,34,27,26,23,34,15,35,16,59,50,33,40,68,3,10,0,11,0,5,0,20,16,33,41,27,36,41,40,31,26,19,28,29,6,7,11,14,0,0,0,-3,-2,0,-10]} 1. Nf3 Nf6 2. c4 e6 3. g3 d5 4. d4 Be7 5. Bg2 O-O 6. O-O dxc4 7. Qc2 a6 8. a4 c5 9. dxc5 Bxc5 {E05: Open Catalan: 5 Nf3 Be7} 10. Qxc4 b6 {LiveBook: 4 Games} 11. Ne5 Ra7 $1 12. Nd3 (12. Nc3 Bb7 13. Bxb7 Rxb7 14. Bg5 h6 15. Rad1 Qe7 16. Bxf6 Qxf6 17. Nd3 {1-0 (73) Aronian,L (2792)-Topalov,V (2761) Leuven 2016}) 12... Be7 13. Bf4 $146 ({Predecessor:} 13. Nc3 Bb7 14. Rd1 Bxg2 15. Kxg2 Nbd7 16. Bf4 Qa8+ {1-0 (28) Horbing,S (2090)-Niegsch,N (1998) Pardubice 2014}) 13... Bb7 14. Bxb7 Rxb7 15. Nd2 b5 16. axb5 axb5 17. Qc2 Nd5 18. Be5 Nd7 19. Bd4 Qb8 20. Nf3 h6 21. Rfc1 Rc7 22. Qb3 Rfc8 23. Rxc7 Rxc7 24. Nfe5 Bf6 25. e4 (25. Ra5 $14) 25... Bxe5 $11 26. Nxe5 N5f6 27. Qe3 Qd8 28. Nd3 Rc4 {[#] aiming for ...Ng4.} 29. f3 Qb8 30. b3 Rc8 31. Qd2 e5 32. Be3 Qd6 33. Nb4 Qe6 34. Qd3 Nc5 35. Bxc5 (35. Qxb5 $5 {[%cal Re3c5]} Nxb3 36. Ra6 $14) 35... Rxc5 {The position is equal.} 36. Kg2 Kh7 37. Ra7 Rc1 {[#] Strongly threatening ...Qb6.} 38. Nd5 Nxd5 39. exd5+ Qg6 40. Qxg6+ {Precision: White = 64%, Black = 61%.} 1/2-1/2

[Event "FIDE World Cup 2017"]
[Site "Tbilisi"]
[Date "2017.09.03"]
[Round "1.1"]
[White "Bachmann, Axel"]
[Black "Dreev, Aleksey"]
[Result "0-1"]
[WhiteElo "2634"]
[BlackElo "2648"]
[Annotator "TA"]
[PlyCount "82"]
[EventDate "2017.??.??"]
[EventType "k.o."]
[EventCountry "GEO"]
[SourceTitle "playchess.com"]
[Source "ChessBase"]
[SourceQuality "1"]

{[%evp 11,82,15,18,17,11,22,43,30,46,33,47,46,39,8,27,11,13,16,15,4,20,13,32,0,0,0,0,0,0,0,0,0,0,0,-3,0,0,-30,-23,-22,-24,-22,-22,-22,-21,-85,-14,-14,-21,-54,0,-63,-46,-360,-359,-335,-337,-824,-824,-824,-819,-824,-824,-1000,-976,-966,-926,-893,-818,-802,-802,-802,-802]} 1. e4 c6 2. d4 d5 3. exd5 cxd5 4. Bd3 Nc6 5. c3 Qc7 6. Ne2 Bg4 7. O-O {B13: Caro-Kann: Exchange Variation and Panov-Botvinnik Attack} Nf6 8. Qe1 g6 $146 ({Predecessor:} 8... Bh5 9. f4 e6 10. Ng3 Bd6 11. f5 {½-½ (11) Sadzikowski,D (2547)-Tari,A (2597) Gallipoli 2017}) 9. Bf4 {White is slightly better.} Qb6 10. h3 Bxe2 11. Qxe2 Bg7 12. a4 O-O 13. Re1 Rfe8 14. Na3 Nh5 15. Be3 Qc7 16. Qd2 Rad8 17. Nb5 Qb8 18. Be2 Nf6 19. Bf4 e5 20. dxe5 Ne4 21. Qe3 Bxe5 22. Bxe5 Rxe5 23. Bf1 Rde8 {Threatens to win with ...Nc5!} 24. Qf4 Qd8 $36 {[%mdl 2048] Black has some pressure.} 25. f3 Qb6+ 26. Kh2 $1 Ng5 27. Rxe5 Rxe5 28. Qg3 (28. Qd2 $11 {remains equal.}) 28... Ne6 (28... a6 $17 29. a5 Qc5) 29. a5 $1 $11 {[%cal Ra5b6]} Qe3 30. a6 bxa6 (30... b6 $1 $15) 31. f4 ({White should try} 31. Rxa6 $11 Ne7 32. f4 (32. Rxa7 $2 Nf5 $19)) 31... Nxf4 32. Rxa6 $2 {[%mdl 8192]} (32. Qxe3 $15 Rxe3 33. Rxa6) 32... Qc1 $19 33. Rxc6 {Qf2 is the strong threat.} Qxf1 34. Rf6 $2 {[#]} (34. Qf3 Qxf3 35. Rc8+ Kg7 36. gxf3 Re2+ 37. Kh1) 34... Re1 $1 {[%csl Ge1][%cal Rf1h1] Black is clearly winning.} ({Weaker is} 34... Qxb5 35. Qxf4 Qe8 36. Rd6 $17 (36. Rxf7 $2 Re4 $19)) 35. Qxf4 {[#]} Qg1+ $1 36. Kg3 Re3+ 37. Kh4 Re4 38. Kg3 Rxf4 39. Rxf4 Qe3+ 40. Rf3 Qe5+ 41. Kf2 Qb8 {Precision: White = 42%, Black = 75%.} 0-1

[Event "FIDE World Cup 2017"]
[Site "Tbilisi"]
[Date "2017.09.03"]
[Round "1.1"]
[White "Kovalenko, Igor"]
[Black "Kravtsiv, Martyn"]
[Result "0-1"]
[WhiteElo "2634"]
[BlackElo "2670"]
[Annotator "TA"]
[PlyCount "142"]
[EventDate "2017.??.??"]
[EventType "k.o."]
[EventCountry "GEO"]
[SourceTitle "playchess.com"]
[Source "ChessBase"]
[SourceQuality "1"]

{[%evp 27,142,24,45,-4,0,0,0,-6,-10,-16,4,0,1,0,10,-12,-12,-12,-12,-19,-12,-35,0,0,0,0,0,-4,-7,-13,-13,-31,-39,-44,-41,-119,-114,-144,-144,-144,-127,-120,0,-110,-99,-102,-87,-105,-106,-116,-106,-89,-87,-118,-110,-132,-106,-115,-123,-160,-159,-254,-236,-244,-238,-221,-235,-246,-246,-360,-241,-254,-251,-383,-370,-520,-516,-535,-525,-512,-424,-417,-424,-424,-423,-385,-391,-416,-385,-423,-379,-498,-502,-479,-440,-377,-374,-460,-444,-817,-682,-908,-908,-878,-888,-818,-544,-531,0,-854,-845,-997,-787,-1099,-952,-1440,-1417]} 1. e4 e5 2. Nf3 Nc6 3. Bb5 a6 4. Ba4 Nf6 5. O-O Be7 6. Re1 b5 7. Bb3 O-O 8. c3 d5 9. exd5 Nxd5 10. Nxe5 Nxe5 11. Rxe5 c6 12. d3 Bd6 13. Re1 Bf5 14. Qf3 Re8 {[%cal Re8e1] LiveBook: 39 Games. C89: Closed Ruy Lopez: Marshall Attack} (14... Qh4 15. g3 Qh3 16. Be3 Bxd3 17. Nd2 Qf5 18. Bd4 Rfe8 19. a4 Kf8 20. h4 Rxe1+ 21. Rxe1 f6 22. Qxf5 Bxf5 {½-½ (33) Vachier Lagrave,M (2796)-Carlsen,M (2832) Paris 2017}) 15. Be3 Nxe3 16. Rxe3 {[#]} Rxe3 $146 {The position is equal.} 17. Qxe3 Bxd3 18. Nd2 {[%cal Bb1d2,Bd2f1,Bf1g3][%mdl 32]} Qd7 {Hoping for ...Re8.} 19. Re1 Kf8 20. Qf3 Bg6 21. Rd1 Re8 22. Nf1 Qc7 23. h4 h5 24. Ng3 c5 {White must now prevent ...c4.} 25. Bd5 Qe7 (25... Bxg3 $5 26. fxg3 c4 $11) 26. Bc6 Rd8 $1 27. Be4 $132 {[%mdl 2048] Threatens to win with Bxg6. White is not keeping still} Kg8 28. Bxg6 fxg6 29. Nf1 Qxh4 30. g3 Qf6 31. Qxf6 (31. Qc6 $15) 31... gxf6 $15 {[%mdl 4096] Endgame KRB-KRN} 32. c4 Kf7 33. Ne3 Bc7 34. Rc1 Bd6 (34... b4 $17 35. Nd5 Be5) 35. b3 (35. Rd1 $1 $11) 35... f5 36. Nd5 Re8 37. Kf1 {[#]} h4 $1 {[%mdl 512]} 38. gxh4 Rh8 39. cxb5 axb5 {[%cal Ba6b5,Bb5b4][%mdl 32]} ({Not} 39... Rxh4 $2 40. bxa6 Rh8 41. Nb6 $18) 40. Nc3 Rxh4 41. Rc2 {[#]} b4 $1 42. Na4 Rh8 43. Rc4 {[#]} Rc8 $1 44. f4 (44. Rc2 $17 {is the only way for White.}) 44... Ke6 $19 45. Kg2 Rc7 46. Kf3 Kd5 47. Rc2 Rh7 48. Rd2+ (48. Rg2 $142 Rh3+ 49. Kf2) 48... Ke6 49. Re2+ Kf7 50. Rf2 (50. Rc2 $142) 50... Rh3+ 51. Ke2 {[#]} (51. Kg2 $142 Rh4 52. Kf1) 51... c4 $1 {[%mdl 512]} 52. Nb2 (52. bxc4 Ra3) 52... cxb3 53. axb3 Rxb3 54. Nd3 Rb1 55. Kd2 Ra1 56. Ke3 Ra8 57. Kd4 Re8 58. Kd5 Re4 59. Rf1 Kf6 60. Rf3 Bc7 61. Kc6 Bb8 62. Nc5 Rxf4 63. Rh3 (63. Rd3 $142 Rc4 64. Kb5) 63... Ba7 64. Nd7+ Kg7 65. Ne5 Re4 66. Kd5 Bb8 67. Nd7 Ba7 68. Ne5 $1 Bd4 {Black is clearly winning.} 69. Nd7 Re7 70. Kd6 Re3 71. Rh4 Rd3 {Precision: White = 37%, Black = 74%.} 0-1